Personnages d' Alice au pays des merveilles - Statistiques

Statistiques générales
  • Ce quiz a été pris 164 fois
    105 depuis la dernière actualisation
  • Le résultat moyen est 7 sur 19
Statistiques - réponses
Personnages % Correct
Alice
100%
La Reine De Cœur
83%
Chapelier Fou
71%
Lapin Blanc
70%
Lièvre De Mars
55%
La Chenille
46%
Le Dodo
44%
Tweedledee
41%
Tweedledum
34%
Roi De Cœur
33%
Chat Du Cheshire
31%
Le Morse
28%
Dinah
26%
Le Charpentier
20%
Les Cartes
20%
Loir
16%
La sœur d'Alice
15%
Bill Le Lézard
13%
Les Petites Huitres
3%
Aucun quiz correspondant
Distribution des résultats
% des personnes avec chaque résultat
Percentile par nombre de réponses
Votre historique - résultats
Vous n’avez pas pris ce quiz depuis la dernière actualisation